Effective project management techniques. (Record no. 548407)

000 -LEADER
fixed length control field 00477nam a22001457a 4500
082 ## - DEWEY DECIMAL CLASSIFICATION NUMBER
Classification number 658.404
Author Mark EFF
-- L-14, P-133
110 ## - MAIN ENTRY--CORPORATE NAME
Corporate name or jurisdiction name as entry element American Society of Civil Engineering,
9 (RLIN) 38079
245 ## - TITLE STATEMENT
Title Effective project management techniques.
260 ## - PUBLICATION, DISTRIBUTION, ETC.
Place of publication, distribution, etc. New York:
Name of publisher, distributor, etc. American Society of Civil Engineering,
Date of publication, distribution, etc. c1973
300 ## - PHYSICAL DESCRIPTION
Extent v, 77 p,;
Other physical details ill,:
Dimensions 16cm
526 ## - STUDY PROGRAM INFORMATION NOTE
Program name 0
Interest level 0
Reading level 0
Title point value 658_404000000000000_EFF
526 ## - STUDY PROGRAM INFORMATION NOTE
Program name 0
Interest level 0
Reading level 0
Title point value 658_404000000000000_EFF
650 ## - SUBJECT ADDED ENTRY--TOPICAL TERM
Topical term or geographic name entry element MCE
9 (RLIN) 379
942 ## - ADDED ENTRY ELEMENTS (KOHA)
Source of classification or shelving scheme
Koha item type Book
Holdings
Withdrawn status Lost status Source of classification or shelving scheme Damaged status Not for loan Permanent Location Current Location Date acquired Total Checkouts Full call number Barcode Date last seen Price effective from Koha item type
          Military College of Engineering (MCE) Military College of Engineering (MCE) 08/27/2014   658.404 EFF MCE-10075 08/27/2014 08/27/2014 Book
          Military College of Engineering (MCE) Military College of Engineering (MCE) 08/28/2014   658.404 EFF MCE-43249 08/28/2014 08/28/2014 Book
© 2023 Central Library, National University of Sciences and Technology. All Rights Reserved.